Storage and control of stock : for commerce, industry and public undertakings (4th ed.) (Record no. 76827)
[ view plain ]
| 000 -LEADER | |
|---|---|
| fixed length control field | 01344nam a2200217 a 4500 |
| 008 - FIXED-LENGTH DATA ELEMENTS--GENERAL INFORMATION | |
| fixed length control field | 120416s1986 ||||||||||||||||| || u |
| 020 ## - INTERNATIONAL STANDARD BOOK NUMBER | |
| International Standard Book Number | 027302504x |
| 050 ## - LIBRARY OF CONGRESS CALL NUMBER | |
| Classification number | HF 5495 Jes |
| 100 ## - MAIN ENTRY--PERSONAL NAME | |
| Personal name | Jessop, David |
| 245 10 - TITLE STATEMENT | |
| Title | Storage and control of stock : for commerce, industry and public undertakings (4th ed.) |
| 250 ## - EDITION STATEMENT | |
| Edition statement | 4th. ed |
| 260 ## - PUBLICATION, DISTRIBUTION, ETC. | |
| Place of publication, distribution, etc. | London: |
| Name of publisher, distributor, etc. | ELBS/Pitman |
| Date of publication, distribution, etc. | 1986 |
| 300 ## - PHYSICAL DESCRIPTION | |
| Extent | x, 307p. : ill. |
| 350 ## - | |
| -- | 0.00 |
| 995 ## - | |
| -- | TEXTBOOKS (SB) |
| -- | 0.00 |
| -- | 8005 |
| -- | CBU-SCHOOL TEXTBOOK COLLECTIONS |
| -- | 1 |
| -- | 0.00 |
| -- | SCHOOL TEXTBOOK |
| -- | 6 |
| -- | AVAILABLE |
| -- | Oct 7, 2009 |
| -- | 8005 |
| -- | School Collections |
| 995 ## - | |
| -- | TEXTBOOKS (SB) |
| -- | 0.00 |
| -- | 1479 |
| -- | CBU-SCHOOL TEXTBOOK COLLECTIONS |
| -- | 1 |
| -- | 0.00 |
| -- | SCHOOL TEXTBOOK |
| -- | 5 |
| -- | AVAILABLE |
| -- | Oct 7, 2009 |
| -- | 1479 |
| -- | School Collections |
| 995 ## - | |
| -- | BINDERY (DAMAGED) |
| -- | 0.00 |
| -- | 726130 |
| -- | CBU-MAIN LIBRARY (Kitwe) |
| -- | 3 |
| -- | 3.35 |
| -- | HF 5495 Jes |
| -- | 3 |
| -- | DAMAGED |
| -- | 003791 |
| -- | Main Library Open Access Collection |
| 995 ## - | |
| -- | BINDERY (DAMAGED) |
| -- | 0.00 |
| -- | 726128 |
| -- | CBU-MAIN LIBRARY (Kitwe) |
| -- | 1 |
| -- | 3.35 |
| -- | HF 5495 Jes |
| -- | 1 |
| -- | DAMAGED |
| -- | 003789 |
| -- | Main Library Open Access Collection |
| 995 ## - | |
| -- | BINDERY (DAMAGED) |
| -- | 0.00 |
| -- | 726129 |
| -- | CBU-MAIN LIBRARY (Kitwe) |
| -- | 2 |
| -- | 3.35 |
| -- | HF 5495 Jes |
| -- | 2 |
| -- | DAMAGED |
| -- | 003790 |
| -- | Main Library Open Access Collection |
| 995 ## - | |
| -- | TEXTBOOKS (SB) |
| -- | 0.00 |
| -- | 01399 |
| -- | CBU-SCHOOL TEXTBOOK COLLECTIONS |
| -- | 1 |
| -- | 0.00 |
| -- | SCHOOL TEXTBOOK |
| -- | 4 |
| -- | AVAILABLE |
| -- | Sep 23, 2009 |
| -- | 01399 |
| -- | School Collections |
| 999 ## - | |
| -- | 76827 |
| -- | 76827 |
| Withdrawn status | Lost status | Source of classification or shelving scheme | Damaged status | Not for loan | Permanent Location | Current Location | Shelving location | Date acquired | Total Checkouts | Full call number | Barcode | Date last seen | Copy number | Price effective from | Koha item type |
|---|---|---|---|---|---|---|---|---|---|---|---|---|---|---|---|
| CBU-MAIN LIBRARY, KITWE. | CBU-MAIN LIBRARY, KITWE. | 04/25/2023 | HF 5495 Jes | 003791 | 04/25/2023 | 3 | 04/25/2023 | MONOGRAPH | |||||||
| CBU-MAIN LIBRARY, KITWE. | CBU-MAIN LIBRARY, KITWE. | 04/25/2023 | HF 5495 Jes | 003789 | 04/25/2023 | 4 | 04/25/2023 | MONOGRAPH | |||||||
| CBU-MAIN LIBRARY, KITWE. | CBU-MAIN LIBRARY, KITWE. | 04/25/2023 | HF 5495 Jes | 003790 | 04/25/2023 | 5 | 04/25/2023 | MONOGRAPH | |||||||
| CBU-SCHOOL TEXT BOOK COLLECTION | CBU-SCHOOL TEXT BOOK COLLECTION | 04/25/2023 | SCHOOL TEXTBOOK | 8005 | 04/25/2023 | 1 | 04/25/2023 | MONOGRAPH | |||||||
| CBU-SCHOOL TEXT BOOK COLLECTION | CBU-SCHOOL TEXT BOOK COLLECTION | 04/25/2023 | SCHOOL TEXTBOOK | 1479 | 04/25/2023 | 2 | 04/25/2023 | MONOGRAPH | |||||||
| CBU-SCHOOL TEXT BOOK COLLECTION | CBU-SCHOOL TEXT BOOK COLLECTION | 04/25/2023 | SCHOOL TEXTBOOK | 01399 | 04/25/2023 | 6 | 04/25/2023 | MONOGRAPH |